000 00747nam a22001937a 4500
003 OSt
005 20240906101026.0
008 240906b ||||| |||| 00| 0 eng d
040 _cAIMIT LIBRARY
100 _aJane, Reba.
_e2216158
_9178867
245 _aImpact of employee compensation system on employee performance and satisfaction :
_bstudy at campco chocolate factory /
_cBy Reba Jane ; Guided by Swapna Rose.
260 _aMangaluru ;
_c2024.
650 _aReview of literature
_9178868
650 _aResearch methodology
_9178869
650 _aData analysis and interpretations
_9178870
700 _aRose, Swapna.
_eGuide
_9178871
856 _3Central arecanut and cocoa marketing and processing co operative limited
942 _2ddc
_cPRO
999 _c231767
_d231767